000 00207nam a22000857a 4500
008 170301b xxu||||| |||| 00| 0 eng d
100 _92975
_aAllen.R
245 _aEnglish Dictionary
260 _aNew Delhi
_bPB
_c2008
999 _c6220
_d6220